| 000 | 01029nac a22002411u 4500 | ||
|---|---|---|---|
| 010 | _a 97032386 | ||
| 020 | _a0070058466 (pbk. : alk. paper) | ||
| 020 | _a0071156747 : | ||
| 082 | 0 | 0 |
_a658.3 _bB523 |
| 090 |
_c4746 _d4746 |
||
| 100 | _aBernardin, H. John. | ||
| 245 | 1 | 0 |
_aHuman resource management : _ban experiential approach / _cH. John Bernardin, Joyce E.A. Russell. |
| 250 | _a2nd ed. | ||
| 260 |
_aBoston : _bIrwin/McGraw-Hill,c1998. _cc1998. |
||
| 300 |
_axii, 692 p. : _bill. ; _c28 cm. |
||
| 504 | _aIncludes bibliographical references and index. | ||
| 650 | 0 |
_aPersonnel management _zUnited States. |
|
| 700 | 1 | _aRussell, Joyce E. A. | |
| 856 | 4 | 2 |
_3Publisher description _uhttp://www.loc.gov/catdir/description/mh023/97032386.html |
| 856 | 4 | 2 |
_3Table of contents _uhttp://www.loc.gov/catdir/toc/mh022/97032386.html |
| 942 |
_cBB _k658.3B523 |
||
| 999 |
_c4746 _d4746 |
||